Movies Quiz

Random Movies or Cartoons Quiz

Click-A-Carrey Quiz Stats

Quiz Updated Jan 17, 2018

Challenge
Share
Tweet
Score 0/20 Timer 05:00
1 Play Today
% Correct
Grinch
96.5%
Stanley Ipkiss
96.2%
Lloyd Christmas
94.4%
Horton
92.8%
Ace Ventura
92.5%
Edward Nygma
|The Riddler
91.7%
Bruce Nolan
91.2%
Count Olaf
88.6%
Ebenezer Scrooge
88.4%
Truman Burbank
86.5%
% Correct
Chip Douglas
85.5%
Mark Kendall
83.9%
Fletcher Reede
83.3%
Andy Kaufman
81.5%
Joel Barish
80%
Colonel Stars
and Stripes
78.7%
Wiploc
78.1%
Charlie Baileygates
|Hank Evans
76.3%
Steve Gray
73%
Walter Sparrow
69.9%

You're not logged in!

Compare scores with friends on all Sporcle quizzes.
Join for Free
OR
Log In

You Might Also Like...

Show Comments

Extras

Top Quizzes Today


Score Distribution

Your Account Isn't Verified!

In order to create a playlist on Sporcle, you need to verify the email address you used during registration. Go to your Sporcle Settings to finish the process.

Report this User

Report this user for behavior that violates our Community Guidelines.

Details: